| 000 | 00750nam a2200229 i 4500 | ||
|---|---|---|---|
| 001 | 70681 | ||
| 003 | ES-MaACL | ||
| 005 | 20260507121455.0 | ||
| 007 | t| | ||
| 008 | 150204s2014 sp ||||1| spa d | ||
| 020 | _a978-84-204-1627-4 | ||
| 080 | _a821.134.2-31"19" | ||
| 100 |
_aMarías, Javier, _d1951-2022 _9239206 |
||
| 245 | 1 | 0 |
_aAsí empieza lo malo / _cJavier Marías. |
| 260 |
_a[Barcelona] : _bAlfaguara, _c2014. |
||
| 300 |
_a534 p. ; _c24 cm. |
||
| 852 |
_aES-MaACL _jA-13357 _973321 _bR150227 _cDEPO1 _dOlim: N-6357 _gDedicatoria autógrafa del autor _hDonación: Javier Marías |
||
| 903 |
_aMarías, Javier, _d1951-2022 _ednr _9239206 |
||
| 942 |
_2udc _cMONOGRAFIA |
||
| 999 |
_c70681 _d70681 |
||